00518nam a2200181 a 4500008004100000020001500041050001400056100001800070245010300088250001200191260002800203300002200231350000900253650002300262650001400285700001700299700002000316120416s2002 ||||||||||||||||| || u a0415232945 aGB 56 SMI aAtkinson, Ken10aFundamentals of the physical environment. -- 3rd ed.cPeter Smithson, Ken Addison and Ken Atkinson a3rd ed. aLondonbRoutledgec2002 axvi, 627p. : ill. a0.00 aPHYSICAL GEOGRAPHY aGEOGRAPHY aAddison, Ken aSmithson, Peter